ARRUPE JESUIT UNIVERSITY

CORONAVIRUS -STOP THE SPREAD - CLEAN,DISINFECT,COVER

The hermeneutics of the subject : (Record no. 124208)

MARC details
000 -LEADER
fixed length control field 01397cam a22003494a 4500
001 - CONTROL NUMBER
control field 13588927
003 - CONTROL NUMBER IDENTIFIER
control field ARRUPE
005 - DATE AND TIME OF LATEST TRANSACTION
control field 20160223112655.0
008 - FIXED-LENGTH DATA ELEMENTS--GENERAL INFORMATION
fixed length control field 040511s2005 nyu b 001 0 eng
010 ## - LIBRARY OF CONGRESS CONTROL NUMBER
LC control number 2004049020
020 ## - INTERNATIONAL STANDARD BOOK NUMBER
International Standard Book Number 0312203268
040 ## - CATALOGING SOURCE
Original cataloging agency DLC
Transcribing agency DLC
Modifying agency DLC
041 1# - LANGUAGE CODE
Language code of text/sound track or separate title eng
Language code of original and/or intermediate translations of text fre
042 ## - AUTHENTICATION CODE
Authentication code pcc
050 00 - LIBRARY OF CONGRESS CALL NUMBER
Classification number B2430.F723
Item number H4713 2004
082 00 - DEWEY DECIMAL CLASSIFICATION NUMBER
Classification number 194
Edition number 22
300 ## - PHYSICAL DESCRIPTION
Dimensions 22 cm.
100 1# - MAIN ENTRY--PERSONAL NAME
Personal name Foucault, Michel,
Dates associated with a name 1926-1984.
9 (RLIN) 22403
240 10 - UNIFORM TITLE
Uniform title <a href="Herméneutique du sujet.">Herméneutique du sujet.</a>
Language of a work English
245 14 - TITLE STATEMENT
Title The hermeneutics of the subject :
Remainder of title lectures at the Collège de France, 1981-1982 /
Statement of responsibility, etc Michel Foucault ; edited by Frédéric Gros ; general editors, François Ewald and Alessandro Fontana ; translated by Graham Burchell.
250 ## - EDITION STATEMENT
Edition statement 1st ed.
260 ## - PUBLICATION, DISTRIBUTION, ETC. (IMPRINT)
Place of publication, distribution, etc New York :
Name of publisher, distributor, etc Picador
Date of publication, distribution, etc 2005.
300 ## - PHYSICAL DESCRIPTION
Extent xli, 566 p. ;
504 ## - BIBLIOGRAPHY, ETC. NOTE
Bibliography, etc Includes bibliographical references (p. 547-550) and indexes.
650 #0 - SUBJECT ADDED ENTRY--TOPICAL TERM
Topical term or geographic name as entry element Self (Philosophy)
General subdivision History.
9 (RLIN) 22404
650 #0 - SUBJECT ADDED ENTRY--TOPICAL TERM
Topical term or geographic name as entry element Philosophy, Ancient.
9 (RLIN) 22405
700 1# - ADDED ENTRY--PERSONAL NAME
Personal name Gros, Frédéric.
9 (RLIN) 22406
700 1# - ADDED ENTRY--PERSONAL NAME
Personal name Ewald, François.
9 (RLIN) 22407
700 1# - ADDED ENTRY--PERSONAL NAME
Personal name Fontana, Alessandro.
9 (RLIN) 22408
906 ## - LOCAL DATA ELEMENT F, LDF (RLIN)
a 7
b cbc
c orignew
d 1
e ocip
f 20
g y-gencatlg
942 ## - ADDED ENTRY ELEMENTS (KOHA)
Source of classification or shelving scheme Library of Congress Classification
Koha item type Monograph ( Printed materials)
Holdings
Withdrawn status Lost status Source of classification or shelving scheme Damaged status Not for loan Collection code Home library Current library Shelving location Date acquired Total Checkouts Full call number Barcode Date last seen Price effective from Koha item type
    Library of Congress Classification     Main Collection ARRUPE LIBRARY ARRUPE LIBRARY Main Collection 23/02/2016   B2430.F723H4713 2004 46500006779 23/02/2016 23/02/2016 Monograph ( Printed materials)

 

Arrupe Library. PO Box MP320 Mt Pleasant, Harare, Zimbabwe
263 242 745411|librarian@aju.ac.zw